000
00409nam a22001697a 4500
003
MPLRDC
005
20220104142728.0
008
210129b ||||| |||| 00| 0 eng d
082
_a
782.27 XXT
100
_a
许啸天
245
_a
隋唐帝王外史
_c
260
_a
_b
智扬出版社
_c
1992
300
_b
精
490
_a
中国古典文学名著
650
_a
中国传记
942
_c
BK
_o
782.27 XXT
999
_c
33244
_d
33234